[Event "Titled Tuesday intern op 23rd Apr Late"]
[Site "Chess.com INT"]
[Date "2024.04.23"]
[Round "2"]
[White "Taboas Rodriguez, Daniel"]
[Black "Pein, Jonathan"]
[Result "1-0"]
[WhiteElo "2344"]
[BlackElo "2247"]
[PlyCount "71"]
[EventDate "2024.04.23"]
[EventType "swiss (blitz)"]
[EventRounds "11"]
[EventCountry "USA"]
[SourceTitle "CB18_2024"]
[SourceDate "2024.05.01"]
[SourceVersion "1"]
[SourceVersionDate "2024.05.01"]
[SourceQuality "2"]

1. d4 g6 2. Nf3 Bg7 3. c4 Nf6 4. Nc3 0-0 5. e4 d6 6. Be2 e5 7. dxe5 dxe5 8. Qxd8 Rxd8 9. Bg5 Na6 10. Nd5 Rd6 11. Nxf6+ Bxf6 12. Bxf6 Rxf6 13. Nxe5 Re6 14. f4 f6 15. Ng4 h5 16. Nf2 Nc5 17. Bf3 Nxe4 18. Bxe4 f5 19. Ke2 fxe4 20. Ke3 Bd7 21. Rad1 Bc6 22. Rd4 a5 23. Rhd1 Kg7 24. Rd8 Ra6 25. Rc8 Re7 26. Rdd8 Rb6 27. Rg8+ Kh7 28. Rh8+ Kg7 29. b3 a4 30. bxa4 Rb4 31. Rhg8+ Kh7 32. Nh3 Rd7 33. Ng5+ Kh6 34. Rh8+ Kg7 35. Rh7+ Kf6 36. Rf8+ 1-0

[Event "Titled Tuesday intern op 16th Apr Early"]
[Site "Chess.com INT"]
[Date "2024.04.16"]
[Round "11"]
[White "Pein, Jonathan"]
[Black "Mende, Andreas"]
[Result "0-1"]
[WhiteElo "2247"]
[BlackElo "2101"]
[PlyCount "74"]
[EventDate "2024.04.16"]
[EventType "swiss (blitz)"]
[EventRounds "11"]
[EventCountry "USA"]
[SourceTitle "CB17_2024"]
[SourceDate "2024.04.24"]
[SourceVersion "1"]
[SourceVersionDate "2024.04.24"]
[SourceQuality "1"]

1. e4 c5 2. Nf3 Nc6 3. d4 cxd4 4. Nxd4 Nf6 5. Nc3 e5 6. Nf5 d5 7. exd5 Bxf5 8. dxc6 bxc6 9. Bd3 Bxd3 10. Qxd3 Qxd3 11. cxd3 0-0-0 12. Ke2 Nd5 13. Be3 Nxe3 14. fxe3 f5 15. Rac1 Kb7 16. Na4 Rd5 17. Rc4 Be7 18. Rhc1 Rc8 19. e4 fxe4 20. Rxe4 Rf8 21. Nc3 Ra5 22. b4 Ra3 23. Rxe5 Bf6 24. Rc5 Bd4 25. Rxc6 Rf2+ 26. Ke1 Rxg2 27. Nb5 Rxd3 28. Nxd4 Rxd4 29. Rc7+ Kb6 30. R1c6+ Kb5 31. Rc5+ Kxb4 32. R5c6 a5 33. Rb7+ Ka4 34. Rcc7 Rb4 35. Rxg7 Rxh2 36. Rxh7 Rxa2 37. Ra7 Rb1# 0-1

[Event "Titled Tuesday intern op 13th Feb Early"]
[Site "Chess.com INT"]
[Date "2024.02.13"]
[Round "8"]
[White "Davalos Prieto, Abel"]
[Black "Pein, Jonathan"]
[Result "0-1"]
[WhiteElo "1985"]
[BlackElo "2273"]
[PlyCount "54"]
[EventDate "2024.02.13"]
[EventType "swiss (blitz)"]
[EventRounds "11"]
[EventCountry "USA"]
[SourceTitle "CB08_2024"]
[SourceDate "2024.02.21"]
[SourceVersion "1"]
[SourceVersionDate "2024.02.21"]
[SourceQuality "1"]

1. e4 c5 2. Nf3 d6 3. d4 cxd4 4. Nxd4 Nf6 5. Nc3 a6 6. Bc4 e6 7. Bb3 Nbd7 8. f4 Nc5 9. Qe2 Be7 10. 0-0 0-0 11. Kh1 Qc7 12. Be3 Ncxe4 13. Nxe4 Nxe4 14. f5 Nc5 15. f6 Bxf6 16. Rxf6 gxf6 17. Bh6 f5 18. Qh5 f6 19. Nxf5 Rf7 20. Qg4+ Kh8 21. Nd4 e5 22. Nf5 Bxf5 23. Qxf5 Nxb3 24. axb3 Qd7 25. Qf3 Rg8 26. Rd1 Qg4 27. Qe3 Qxg2# 0-1

[Event "Titled Tuesday intern op 16th Jan Late"]
[Site "Chess.com INT"]
[Date "2024.01.16"]
[Round "7"]
[White "Reinecke, Katharina"]
[Black "Pein, Jonathan"]
[Result "0-1"]
[WhiteElo "1884"]
[BlackElo "2273"]
[PlyCount "38"]
[EventDate "2024.01.16"]
[EventType "swiss (blitz)"]
[EventRounds "11"]
[EventCountry "USA"]
[SourceTitle "CB04_2024"]
[SourceDate "2023.10.16"]
[SourceVersion "1"]
[SourceVersionDate "2023.10.16"]
[SourceQuality "1"]

1. d4 d5 2. c4 c6 3. Nf3 dxc4 4. g3 Nd7 5. Bg2 Ngf6 6. 0-0 e6 7. Nbd2 b5 8. a4 Bb7 9. Ne5 Nxe5 10. dxe5 Nd5 11. e4 Nb4 12. b3 c3 13. Nf3 Qxd1 14. Rxd1 Bc5 15. Ba3 0-0 16. Bxb4 Bxb4 17. Rd7 Rad8 18. Rxb7 c2 19. Rxa7 Rd1+ 0-1

[Event "Titled Tuesday intern op 19th Dec Early"]
[Site "Chess.com INT"]
[Date "2023.12.19"]
[Round "2"]
[White "Antunez, Soler Luis"]
[Black "Pein, Jonathan"]
[Result "0-1"]
[WhiteElo "2200"]
[BlackElo "2273"]
[PlyCount "72"]
[EventDate "2023.12.19"]
[EventType "swiss (blitz)"]
[EventRounds "11"]
[EventCountry "USA"]
[SourceTitle "CB52_2023"]
[SourceDate "2023.12.27"]
[SourceVersion "1"]
[SourceVersionDate "2023.12.27"]
[SourceQuality "1"]

1. e4 e5 2. Nf3 d6 3. d4 exd4 4. Qxd4 Nf6 5. Bg5 Nc6 6. Bb5 Be7 7. Nc3 0-0 8. Qd2 Be6 9. 0-0-0 a6 10. Bxc6 bxc6 11. Nd4 Bd7 12. f4 Qb8 13. e5 Nd5 14. Bxe7 Nxe7 15. Rhe1 d5 16. h3 a5 17. a3 a4 18. g4 Qb6 19. Na2 c5 20. Ne2 Rfb8 21. c4 Qb3 22. Nac3 Qxc4 23. Kb1 d4 24. Ne4 Be6 25. Nc1 Nd5 26. Ka1 Ne3 27. Rxe3 dxe3 28. Qxe3 Rxb2 29. Kxb2 Rb8+ 30. Ka1 Qc2 31. Rd8+ Rxd8 32. Qc3 Qxe4 33. f5 Bb3 34. e6 fxe6 35. f6 gxf6 36. Qxf6 Qd4+ 0-1

[Event "Titled Tuesday intern op 19th Dec Early"]
[Site "Chess.com INT"]
[Date "2023.12.19"]
[Round "11"]
[White "Papp, Petra"]
[Black "Pein, Jonathan"]
[Result "0-1"]
[WhiteElo "2267"]
[BlackElo "2273"]
[PlyCount "138"]
[EventDate "2023.12.19"]
[EventType "swiss (blitz)"]
[EventRounds "11"]
[EventCountry "USA"]
[SourceTitle "CB52_2023"]
[SourceDate "2023.12.27"]
[SourceVersion "1"]
[SourceVersionDate "2023.12.27"]
[SourceQuality "1"]

1. e4 e5 2. Nf3 d6 3. d4 exd4 4. Nxd4 Nf6 5. Nc3 g6 6. Be3 Bg7 7. f3 0-0 8. Qd2 Nc6 9. 0-0-0 Nxd4 10. Bxd4 Be6 11. h4 c5 12. Be3 b5 13. Bxb5 Qa5 14. h5 Rab8 15. hxg6 fxg6 16. Qxd6 Bf7 17. Qa6 Qc7 18. Qc6 Qe7 19. Bxc5 Qe5 20. Bxf8 Rxf8 21. Qd6 Qg5+ 22. Qd2 Qc5 23. Qd6 Qe3+ 24. Kb1 Nh5 25. Qd3 Qb6 26. g4 Nf4 27. Qd6 Qe3 28. Qd2 Qb6 29. Qd6 Qa5 30. Qa3 Qxa3 31. bxa3 Bxc3 32. Ba4 Rb8+ 33. Bb3 Bg7 34. Rhe1 Ne6 35. Kc1 Nc5 36. Bxf7+ Kxf7 37. Rd5 Rc8 38. Red1 Bf6 39. R1d2 Bg5 40. Rxg5 Kf6 41. Rgd5 Ne6 42. Rd6 Ke5 43. Ra6 Rc7 44. Rdd6 Nd4 45. c3 Rxc3+ 46. Kd2 Rc2+ 47. Kd1 Rc4 48. Rd5+ Kf4 49. Rad6 Ke3 50. Rd7 Nxf3 51. Rd3+ Kxe4 52. R3d6 Ne5 53. Ra6 Nxd7 54. Rxa7 Ne5 55. Rxh7 Rd4+ 56. Ke1 Rd3 57. a4 Ra3 58. Ra7 Rxa2 59. a5 Kf4 60. a6 Kxg4 61. Ra8 Nf3+ 62. Kf1 g5 63. Rg8 Rxa6 64. Rf8 Ra1+ 65. Kf2 Ra2+ 66. Ke3 Ne5 67. Re8 Ng6 68. Re4+ Nf4 69. Re8 Re2+ 0-1

[Event "Titled Tuesday intern op 19th Dec Early"]
[Site "Chess.com INT"]
[Date "2023.12.19"]
[Round "1"]
[White "Rozman, Levy"]
[Black "Pein, Jonathan"]
[Result "1-0"]
[WhiteElo "2322"]
[BlackElo "2273"]
[PlyCount "127"]
[EventDate "2023.12.19"]
[EventType "swiss (blitz)"]
[EventRounds "11"]
[EventCountry "USA"]
[SourceTitle "CB52_2023"]
[SourceDate "2023.12.27"]
[SourceVersion "1"]
[SourceVersionDate "2023.12.27"]
[SourceQuality "1"]

1. d4 d6 2. Bg5 Nd7 3. Nc3 h6 4. Bh4 g5 5. Bg3 Ngf6 6. h4 Bg7 7. hxg5 hxg5 8. Rxh8+ Bxh8 9. Qd2 Nh7 10. Nf3 e6 11. 0-0-0 a6 12. e3 f5 13. Bc4 Ndf6 14. Rh1 b5 15. Nxg5 Qe7 16. Be2 Bb7 17. Nxh7 Nxh7 18. Bh5+ Kd7 19. Bf3 Bxf3 20. gxf3 Ng5 21. Qe2 Rb8 22. Bh4 Bf6 23. f4 Nf7 24. Bxf6 Qxf6 25. a3 Rh8 26. Qf3 d5 27. Rg1 Nd6 28. b3 c5 29. Rd1 cxd4 30. Rxd4 Rc8 31. Ne2 Qe7 32. Kb1 Ne4 33. b4 Rc4 34. Qg2 Kd6 35. Qg8 Qc7 36. Qf8+ Kc6 37. Rxc4+ dxc4 38. Nd4+ Kb6 39. Nxe6 Nc3+ 40. Kb2 Na4+ 41. Kc1 Qd7 42. Qd8+ Qxd8 43. Nxd8 Nc3 44. Ne6 Ne4 45. f3 Nd6 46. Nd4 a5 47. c3 axb4 48. axb4 Kc7 49. Ne2 Kc6 50. Ng3 Kd5 51. Nxf5 Nxf5 52. e4+ Ke6 53. exf5+ Kxf5 54. Kd2 Kxf4 55. Ke2 Kf5 56. Ke3 Ke5 57. f4+ Kf5 58. Kf3 Kf6 59. Ke4 Ke6 60. Kd4 Kf5 61. Kc5 Kxf4 62. Kxb5 Ke5 63. Kxc4 Kd6 64. b5 1-0

[Event "Titled Tuesday intern op 12th Dec Early"]
[Site "Chess.com INT"]
[Date "2023.12.12"]
[Round "7"]
[White "Pein, Jonathan"]
[Black "Golubenko, Valentina"]
[Result "0-1"]
[WhiteElo "2273"]
[BlackElo "2209"]
[PlyCount "76"]
[EventDate "2023.12.12"]
[EventType "swiss (blitz)"]
[EventRounds "11"]
[EventCountry "USA"]
[SourceTitle "CB51_2023"]
[SourceDate "2023.12.20"]
[SourceVersion "1"]
[SourceVersionDate "2023.12.20"]
[SourceQuality "1"]

1. Nf3 d5 2. e3 c6 3. d4 g6 4. c4 Bg7 5. Nbd2 Nf6 6. b3 0-0 7. Bb2 e6 8. Bd3 Nbd7 9. 0-0 c5 10. Qe2 b6 11. e4 dxe4 12. Nxe4 Bb7 13. Nd6 Bxf3 14. Qxf3 cxd4 15. Bxd4 e5 16. Bb2 Nc5 17. Bxe5 Ncd7 18. Bb2 Nc5 19. Ba3 Qxd6 20. Rad1 Qc7 21. b4 Nxd3 22. Rxd3 Nd7 23. Rd5 Ne5 24. Qg3 Rac8 25. c5 Nc4 26. Qb3 b5 27. Bc1 Rfd8 28. Rd3 Rxd3 29. Qxd3 Rd8 30. Qe2 Qe5 31. Qc2 Qc3 32. Qe4 Qxb4 33. Bg5 Rc8 34. Be7 Re8 35. Rd1 Bf8 36. c6 Rxe7 37. Qd5 Re1+ 38. Rxe1 Qxe1# 0-1

[Event "Titled Tuesday intern op 26th Sep Early"]
[Site "Chess.com INT"]
[Date "2023.09.26"]
[Round "7"]
[White "Demina, Marya"]
[Black "Pein, Jonathan"]
[Result "1-0"]
[WhiteElo "1936"]
[BlackElo "2261"]
[PlyCount "69"]
[EventDate "2023.09.26"]
[EventType "swiss (blitz)"]
[EventRounds "11"]
[EventCountry "USA"]
[SourceTitle "EXT 2024"]
[Source "ChessBase"]
[SourceDate "2023.10.10"]
[SourceVersion "1"]
[SourceVersionDate "2023.10.10"]
[SourceQuality "1"]

1. d4 d6 2. c4 Nf6 3. Nc3 g6 4. e4 Bg7 5. Be2 0-0 6. Nf3 Bg4 7. 0-0 c5 8. Be3 Bxf3 9. Bxf3 cxd4 10. Bxd4 Nc6 11. Be3 Rc8 12. Rc1 Ne5 13. b3 Nxf3+ 14. Qxf3 Qa5 15. Bd2 Qh5 16. Nd5 Nxd5 17. exd5 Qxf3 18. gxf3 Bf6 19. Be3 b6 20. b4 Rc7 21. Rc2 Rfc8 22. Rfc1 Kf8 23. Kf1 h5 24. a4 e6 25. dxe6 fxe6 26. Ke2 d5 27. c5 Ke7 28. c6 d4 29. Bd2 b5 30. axb5 Rb8 31. Rc5 Kd6 32. Kd3 e5 33. Re1 Rb6 34. f4 exf4 35. Bxf4+ 1-0

[Event "Titled Tuesday intern op 26th Sep Late"]
[Site "Chess.com INT"]
[Date "2023.09.26"]
[Round "5"]
[White "Pein, Jonathan"]
[Black "Chemin, Vitorio"]
[Result "1-0"]
[WhiteElo "2261"]
[BlackElo "2150"]
[PlyCount "95"]
[EventDate "2023.09.26"]
[EventType "swiss (blitz)"]
[EventRounds "11"]
[EventCountry "USA"]
[SourceTitle "EXT 2024"]
[Source "ChessBase"]
[SourceDate "2023.10.10"]
[SourceVersion "1"]
[SourceVersionDate "2023.10.10"]
[SourceQuality "1"]

1. e4 c5 2. Nf3 Nc6 3. Nc3 d6 4. d4 cxd4 5. Nxd4 Nf6 6. Nb3 e5 7. f4 Be7 8. Be2 h5 9. 0-0 Ng4 10. Nd5 Be6 11. h3 Bxd5 12. exd5 Qb6+ 13. Kh1 Nd8 14. Bxg4 hxg4 15. Qxg4 g6 16. c4 Rh4 17. Qf3 f5 18. fxe5 dxe5 19. Be3 Qf6 20. Rae1 Rxc4 21. Qe2 Rac8 22. Na5 Rc2 23. Qb5+ Kf7 24. Nxb7 Rb8 25. Nxd8+ Rxd8 26. d6 Qxd6 27. Qb3+ Kf6 28. Qxc2 Qd3 29. Qxd3 Rxd3 30. Bxa7 Rd2 31. Rf2 Rd3 32. a3 e4 33. Be3 Rb3 34. Bd4+ Ke6 35. Rc2 Bd6 36. Rc6 Kd5 37. Rxd6+ Kxd6 38. Bc3 Ke6 39. Kh2 Kd5 40. h4 f4 41. Kh3 Rb7 42. Rd1+ Ke6 43. Kg4 Rf7 44. Rf1 e3 45. Rxf4 Rc7 46. Re4+ Kd5 47. Rxe3 Rc4+ 48. Kg5 1-0

[Event "Titled Tuesday intern op 19th Sep Late"]
[Site "Chess.com INT"]
[Date "2023.09.19"]
[Round "5"]
[White "Pein, Jonathan"]
[Black "Tarnowska, Aleksandra"]
[Result "1-0"]
[WhiteElo "2261"]
[BlackElo "1860"]
[PlyCount "99"]
[EventDate "2023.09.19"]
[EventType "swiss (blitz)"]
[EventRounds "11"]
[EventCountry "USA"]
[SourceTitle "EXT 2024"]
[Source "ChessBase"]
[SourceDate "2023.10.10"]
[SourceVersion "1"]
[SourceVersionDate "2023.10.10"]
[SourceQuality "1"]

1. c4 e5 2. Nc3 Nf6 3. g3 Bc5 4. Bg2 0-0 5. a3 a5 6. e3 Nc6 7. Nge2 Re8 8. 0-0 d6 9. d4 Ba7 10. b3 Bg4 11. d5 Ne7 12. h3 Bxe2 13. Qxe2 Ng6 14. h4 Qd7 15. h5 Ne7 16. Bb2 h6 17. Rac1 Qg4 18. Qxg4 Nxg4 19. Bf3 Nf6 20. Kg2 Nf5 21. b4 e4 22. Be2 axb4 23. axb4 Bb6 24. Ra1 g6 25. hxg6 fxg6 26. Na4 Kf7 27. Nxb6 cxb6 28. g4 Nh4+ 29. Kg3 g5 30. Bd4 Ra6 31. c5 Rxa1 32. Rxa1 bxc5 33. bxc5 dxc5 34. Bxc5 Rc8 35. Bd4 Rc2 36. Bd1 Rd2 37. d6 Ke6 38. Bb3+ Kd7 39. Bxf6 Kxd6 40. Rd1 Rxd1 41. Bxd1 b5 42. Bg7 h5 43. gxh5 Nf5+ 44. Kg4 Nxg7 45. Kxg5 b4 46. h6 Ne6+ 47. Kf6 Nf8 48. Kf7 Nh7 49. Kg7 Ng5 50. Kg6 1-0

[Event "Titled Tuesday intern op 12th Sep Late"]
[Site "Chess.com INT"]
[Date "2023.09.12"]
[Round "9"]
[White "Osmonbekov, Talaibek D"]
[Black "Pein, Jonathan"]
[Result "0-1"]
[WhiteElo "2137"]
[BlackElo "2261"]
[PlyCount "54"]
[EventDate "2023.09.12"]
[EventType "swiss (blitz)"]
[EventRounds "11"]
[EventCountry "USA"]
[SourceTitle "EXT 2024"]
[Source "ChessBase"]
[SourceDate "2023.10.10"]
[SourceVersion "1"]
[SourceVersionDate "2023.10.10"]
[SourceQuality "1"]

1. d4 d5 2. Nc3 e6 3. Bf4 Bd6 4. Bg3 a6 5. e4 dxe4 6. Nxe4 Bxg3 7. hxg3 Nf6 8. Nxf6+ Qxf6 9. Nf3 c5 10. c3 cxd4 11. Qxd4 Nd7 12. 0-0-0 Qxd4 13. Rxd4 b5 14. Bd3 Bb7 15. Rd1 Nf6 16. a4 bxa4 17. Rxa4 0-0 18. Kc2 Rfc8 19. Rda1 Nd5 20. Nd2 Rc7 21. Nc4 Rd8 22. Ne5 f6 23. Nf3 Bc6 24. Rh4 h6 25. Rxa6 g5 26. Rc4 Rdc8 27. Nd4 Bd7 0-1

[Event "Titled Tuesday intern op 12th Sep Early"]
[Site "Chess.com INT"]
[Date "2023.09.12"]
[Round "9"]
[White "Pein, Jonathan"]
[Black "Clawitter, Craig"]
[Result "1/2-1/2"]
[WhiteElo "2261"]
[BlackElo "2050"]
[PlyCount "138"]
[EventDate "2023.09.12"]
[EventType "swiss (blitz)"]
[EventRounds "11"]
[EventCountry "USA"]
[SourceTitle "EXT 2024"]
[Source "ChessBase"]
[SourceDate "2023.10.10"]
[SourceVersion "1"]
[SourceVersionDate "2023.10.10"]
[SourceQuality "1"]

1. d4 e6 2. Nf3 Nf6 3. g3 Be7 4. Bg2 d5 5. 0-0 0-0 6. c4 dxc4 7. Qc2 a6 8. a4 Bd7 9. Ne5 Nc6 10. Nxc4 Nxd4 11. Qd1 Bc6 12. f3 Qd5 13. b3 Rfd8 14. Nc3 Qh5 15. e4 Bb4 16. Bb2 Qc5 17. Kh1 Nb5 18. Qc1 Nxc3 19. Bxc3 Bxc3 20. Qxc3 b5 21. Qe5 Qxe5 22. Nxe5 Bb7 23. Rac1 Rac8 24. Nc6 Bxc6 25. Rxc6 Rd6 26. Rc2 Rd3 27. Rb1 b4 28. Kg1 Nd7 29. Kf2 c5 30. Bf1 Rd4 31. Bxa6 Rd8 32. Rbc1 f6 33. Bc4 Kf7 34. a5 Ne5 35. Be2 Nd3+ 36. Bxd3 Rxd3 37. Rxc5 Rxb3 38. R1c2 Rdd3 39. f4 Rf3+ 40. Kg2 Rfc3 41. R5xc3 bxc3 42. Kf3 Ra3 43. Ke3 e5 44. f5 Ke7 45. Kd3 Rxa5 46. Rxc3 Kd6 47. Rb3 Ra4 48. Rb7 Ra3+ 49. Ke2 Kc5 50. Rxg7 Kd4 51. Rxh7 Kxe4 52. Rh4+ Kxf5 53. Rb4 Ra2+ 54. Kf3 Rxh2 55. Rb6 Kg6 56. Kg4 Rf2 57. Rc6 Ra2 58. Re6 Ra4+ 59. Kf3 Kf5 60. Rb6 Ra3+ 61. Kf2 Kg4 62. Rxf6 Ra2+ 63. Ke3 Kxg3 64. Rg6+ Kh4 65. Ke4 Ra4+ 66. Kxe5 Ra5+ 67. Kd4 Ra4+ 68. Kc3 Rg4 69. Rxg4+ Kxg4 1/2-1/2

[Event "Titled Tuesday intern op 05th Sep Early"]
[Site "Chess.com INT"]
[Date "2023.09.05"]
[Round "10"]
[White "Goncharov, Vladimir"]
[Black "Pein, Jonathan"]
[Result "1-0"]
[WhiteElo "2077"]
[BlackElo "2261"]
[PlyCount "117"]
[EventDate "2023.09.05"]
[EventType "swiss (blitz)"]
[EventRounds "11"]
[EventCountry "USA"]
[SourceTitle "EXT 2024"]
[Source "ChessBase"]
[SourceDate "2023.10.10"]
[SourceVersion "1"]
[SourceVersionDate "2023.10.10"]
[SourceQuality "1"]

1. d4 d6 2. e4 Nf6 3. Nc3 e5 4. dxe5 dxe5 5. Qxd8+ Kxd8 6. Bc4 Be6 7. Bxe6 fxe6 8. f3 Bb4 9. Bd2 Nbd7 10. a3 Bc5 11. Nh3 a5 12. Nf2 c6 13. Nd3 Bd4 14. Ne2 Bb6 15. Bc3 Bc7 16. a4 b5 17. b3 Kc8 18. Ng3 Kb7 19. Nf1 g6 20. Ke2 Rhf8 21. Ne3 Nh5 22. g3 Rf7 23. Ng4 Nhf6 24. Ngxe5 Nxe5 25. Bxe5 Bb6 26. Bxf6 Rxf6 27. c3 Re8 28. h4 e5 29. Rhf1 h6 30. b4 axb4 31. Nxb4 bxa4 32. Rxa4 Rd8 33. Rd1 Rxd1 34. Kxd1 Rxf3 35. Kc2 Rxg3 36. Nd3 Bc7 37. Rb4+ Kc8 38. Rc4 Kd7 39. Nc5+ Ke7 40. Nb7 Kd7 41. Nc5+ Ke7 42. Na6 Kd6 43. Nb4 c5 44. Nd3 Bb6 45. Ra4 Rg4 46. Ra6 Kc6 47. Nxe5+ Kb5 48. Rxb6+ Kxb6 49. Nxg4 g5 50. hxg5 hxg5 51. Kd3 Kc6 52. Kc4 Kd6 53. e5+ Ke6 54. Kxc5 Kf5 55. Kd6 Kxg4 56. e6 Kh3 57. e7 g4 58. e8Q g3 59. Qh8+ 1-0

[Event "Titled Tuesday intern op 05th Sep Early"]
[Site "Chess.com INT"]
[Date "2023.09.05"]
[Round "8"]
[White "Pein, Jonathan"]
[Black "Kersten, Uwe"]
[Result "1-0"]
[WhiteElo "2261"]
[BlackElo "2229"]
[PlyCount "75"]
[EventDate "2023.09.05"]
[EventType "swiss (blitz)"]
[EventRounds "11"]
[EventCountry "USA"]
[SourceTitle "EXT 2024"]
[Source "ChessBase"]
[SourceDate "2023.10.10"]
[SourceVersion "1"]
[SourceVersionDate "2023.10.10"]
[SourceQuality "1"]

1. b3 d6 2. Bb2 e5 3. d4 e4 4. d5 f5 5. e3 Nf6 6. h4 Nbd7 7. Nh3 Ne5 8. Nf4 g6 9. Bb5+ Kf7 10. a4 Bg7 11. Nc3 Qe7 12. Qe2 a6 13. Bc4 Bd7 14. Ne6 Rac8 15. Ng5+ Ke8 16. b4 h6 17. Nh3 g5 18. Bb3 Kf7 19. hxg5 hxg5 20. Nxg5+ Kg6 21. Nh3 Bh6 22. 0-0-0 b5 23. a5 Rh7 24. Kb1 Rch8 25. f3 exf3 26. gxf3 Bxe3 27. Qxe3 Rxh3 28. Rxh3 Rxh3 29. Ne2 Rxf3 30. Rg1+ Kf7 31. Qh6 Qf8 32. Qh1 Rf2 33. Nd4 Neg4 34. Ne6 Qh6 35. Qxh6 Nxh6 36. Rg7+ Ke8 37. Bxf6 Ng4 38. Re7# 1-0

[Event "Titled Tuesday intern op 05th Sep Late"]
[Site "Chess.com INT"]
[Date "2023.09.05"]
[Round "4"]
[White "Pein, Jonathan"]
[Black "Osmonbekov, Talaibek D"]
[Result "1-0"]
[WhiteElo "2261"]
[BlackElo "2137"]
[PlyCount "87"]
[EventDate "2023.09.05"]
[EventType "swiss (blitz)"]
[EventRounds "11"]
[EventCountry "USA"]
[SourceTitle "EXT 2024"]
[Source "ChessBase"]
[SourceDate "2023.10.10"]
[SourceVersion "1"]
[SourceVersionDate "2023.10.10"]
[SourceQuality "1"]

1. Nf3 f5 2. d3 Nf6 3. e4 d6 4. Nc3 e5 5. Bg5 Be7 6. Be2 0-0 7. Qd2 c6 8. 0-0-0 b5 9. h4 Be6 10. exf5 Bxf5 11. Rhg1 Ng4 12. Bxe7 Qxe7 13. Rdf1 Nd7 14. Ng5 h6 15. Nge4 d5 16. Ng3 Be6 17. Kb1 Nxf2 18. Bh5 Qxh4 19. Nce2 Rf6 20. Re1 Raf8 21. b3 b4 22. Bf3 a5 23. Qe3 Ng4 24. Qa7 Qg5 25. Qxa5 Nh2 26. Qxb4 Nxf3 27. gxf3 Rxf3 28. Qd6 Bh3 29. Qxc6 Nf6 30. Ne4 Qe3 31. Nxf6+ R8xf6 32. Qxd5+ Kh7 33. Nc3 Qd4 34. Qxd4 exd4 35. Ne4 Rc6 36. Rh1 Kg8 37. Nd2 Rf2 38. Rxh3 Rxd2 39. Rc1 g5 40. a4 Kg7 41. Kb2 g4 42. Rg3 h5 43. b4 Kg6 44. b5 1-0

[Event "Titled Tuesday intern op 05th Sep Late"]
[Site "Chess.com INT"]
[Date "2023.09.05"]
[Round "9"]
[White "Pein, Jonathan"]
[Black "Wisniowski, Natalie"]
[Result "1-0"]
[WhiteElo "2261"]
[BlackElo "1896"]
[PlyCount "139"]
[EventDate "2023.09.05"]
[EventType "swiss (blitz)"]
[EventRounds "11"]
[EventCountry "USA"]
[SourceTitle "EXT 2024"]
[Source "ChessBase"]
[SourceDate "2023.10.10"]
[SourceVersion "1"]
[SourceVersionDate "2023.10.10"]
[SourceQuality "1"]

1. d4 Nf6 2. g4 e6 3. g5 Nd5 4. e4 Nb6 5. a4 d5 6. a5 N6d7 7. exd5 exd5 8. Bd3 Be7 9. Nf3 0-0 10. Nc3 Re8 11. Kf1 Nf8 12. h4 c5 13. Bf4 cxd4 14. Nxd4 Nc6 15. Ndb5 Ne6 16. Nxd5 Nxf4 17. Nxf4 a6 18. Nc3 Qd4 19. Qf3 Bc5 20. Rd1 Bg4 21. Qg3 Bxd1 22. Nxd1 Ne5 23. Be2 Nc4 24. Nh5 Nd2+ 25. Ke1 Qe4 26. Nf6+ gxf6 27. gxf6+ Qg6 28. Kxd2 Rad8+ 29. Bd3 Qxg3 30. fxg3 Bd4 31. Rf1 Re6 32. c3 Bxf6 33. Ne3 Red6 34. Nf5 Rxd3+ 35. Kc2 Rd2+ 36. Kb3 Bg7 37. h5 Rd1 38. Rf4 Kf8 39. h6 Be5 40. Re4 Bc7 41. Nd4 Bxa5 42. Rf4 Re1 43. Rf6 Bc7 44. Nc2 Re2 45. Rf3 Rg2 46. Nd4 Rxg3 47. Ne6+ Ke8 48. Nxc7+ Kd7 49. Rxg3 Kxc7 50. Rg7 Rh8 51. Rxf7+ Kc6 52. Kb4 b6 53. Rf6+ Kb7 54. c4 a5+ 55. Kb5 Ka7 56. Rf7+ Ka8 57. Kxb6 Rb8+ 58. Kxa5 Rxb2 59. Rxh7 Ra2+ 60. Kb5 Rb2+ 61. Kc6 Rc2 62. c5 Rf2 63. Rh8+ Ka7 64. h7 Rf6+ 65. Kd5 Rf5+ 66. Ke6 Rxc5 67. Rg8 Rc6+ 68. Kd5 Rh6 69. h8Q Rxh8 70. Rxh8 1-0

[Event "Titled Tuesday intern op 05th Sep Early"]
[Site "Chess.com INT"]
[Date "2023.09.05"]
[Round "4"]
[White "Taboas Rodriguez, Daniel"]
[Black "Pein, Jonathan"]
[Result "1-0"]
[WhiteElo "2368"]
[BlackElo "2261"]
[PlyCount "97"]
[EventDate "2023.09.05"]
[EventType "swiss (blitz)"]
[EventRounds "11"]
[EventCountry "USA"]
[SourceTitle "EXT 2024"]
[Source "ChessBase"]
[SourceDate "2023.10.10"]
[SourceVersion "1"]
[SourceVersionDate "2023.10.10"]
[SourceQuality "1"]

1. d4 Nf6 2. Nf3 g6 3. c4 Bg7 4. Nc3 0-0 5. e4 d6 6. Be2 e5 7. dxe5 dxe5 8. Qxd8 Rxd8 9. Bg5 Na6 10. Nd5 Rd6 11. Nxf6+ Bxf6 12. Bxf6 Rxf6 13. Nxe5 Re6 14. f4 Nc5 15. 0-0-0 Re8 16. Bf3 f6 17. Rd5 b6 18. Nd3 Bb7 19. Nxc5 Bxd5 20. Na6 Bxe4 21. Nxc7 Bxf3 22. gxf3 Kf7 23. Rd1 Rad8 24. Nxe8 Rxd1+ 25. Kxd1 Kxe8 26. Ke2 Ke7 27. Ke3 Kd6 28. Kd4 Ke6 29. Ke4 a5 30. b3 Kd6 31. a3 Kc5 32. Kd3 h5 33. Kc3 h4 34. b4+ axb4+ 35. axb4+ Kd6 36. Kd4 h3 37. c5+ bxc5+ 38. bxc5+ Kc6 39. Kc4 Kc7 40. Kd5 Kd7 41. c6+ Ke7 42. Kc5 g5 43. fxg5 fxg5 44. Kb6 Kf6 45. c7 g4 46. fxg4 Kg5 47. c8Q Kh4 48. g5 Kxg5 49. Qxh3 1-0

[Event "Titled Tuesday intern op 22nd Aug Late"]
[Site "Chess.com INT"]
[Date "2023.08.22"]
[Round "3"]
[White "Pein, Jonathan"]
[Black "Altman, Joshua"]
[Result "1-0"]
[WhiteElo "2276"]
[BlackElo "2163"]
[PlyCount "116"]
[EventDate "2023.08.22"]
[EventType "swiss (blitz)"]
[EventRounds "11"]
[EventCountry "USA"]
[SourceTitle "EXT 2024"]
[Source "ChessBase"]
[SourceDate "2023.10.10"]
[SourceVersion "1"]
[SourceVersionDate "2023.10.10"]
[SourceQuality "1"]

1. b3 d5 2. Bb2 Bg4 3. f3 Bh5 4. e4 dxe4 5. Qe2 c6 6. Nc3 exf3 7. Nxf3 Nf6 8. 0-0-0 e6 9. h3 Nbd7 10. g4 Bg6 11. Bg2 Qc7 12. Nh4 0-0-0 13. Kb1 Bd6 14. Nxg6 hxg6 15. Rhf1 Rhf8 16. Ne4 Nxe4 17. Qxe4 Kb8 18. Bxg7 Nc5 19. Qf3 Rg8 20. Qxf7 Rxg7 21. Qf6 Be5 22. Qf2 Bd4 23. Qe2 Rgd7 24. c3 Bg7 25. d4 Qa5 26. Rc1 Na6 27. Qxe6 Nc7 28. Qxg6 Nb5 29. Qd3 Na3+ 30. Kb2 Rxd4 31. Rf5 Rxd3 32. Rxa5 Nb5 33. Bf1 Rxc3 34. Bxb5 Re3+ 35. Ka3 cxb5 36. Rxb5 Rd2 37. Rc4 Bf8+ 38. Rcb4 Rd4 39. Rxb7+ Kc8 40. Rb8+ Kc7 41. Rxf8 Rxb4 42. Kxb4 Rxh3 43. Rf7+ Kd6 44. Rxa7 Rg3 45. Rg7 Ke5 46. a4 Kf4 47. a5 Kf3 48. a6 Kg2 49. a7 Kh2 50. Rh7+ Kg1 51. a8Q Rg2 52. Qxg2+ Kxg2 53. g5 Kg1 54. Rc7 Kf1 55. Rc2 Ke1 56. Kc3 Kd1 57. b4 Ke1 58. b5 Kd1 1-0